Statistics for Countries Closest to the Black Sea

Click here to take the quiz!

General Stats

  • This quiz has been taken 28 times
  • The average score is 19 of 20

Answer Stats

kmCountrymiles% Correct
564Albania350
100%
0Bulgaria0
100%
0Georgia0
100%
118Greece73
100%
583Hungary362
100%
0Romania0
100%
0Russia0
100%
371Serbia230
100%
0Turkey0
100%
0Ukraine0
100%
165Armenia103
96%
276Azerbaijan171
96%
464Kosovo288
96%
42Moldova26
96%
581Montenegro361
96%
374North Macedonia233
96%
517Belarus322
93%
653Slovakia406
89%
314Iran195
85%
640Poland398
85%

Score Distribution

Percentile by Number Answered

Percent of People with Each Score

Your Score History

You have not taken this quiz